| 000 | 005150000a22001930004500 | ||
|---|---|---|---|
| 001 | 004489 | ||
| 003 | MACL | ||
| 005 | 20150918162352.0 | ||
| 008 | 150918b xxu||||| |||| 00| 0 eng d | ||
| 040 |
_aMACL _cMACL |
||
| 041 | _aEnglish | ||
| 082 | _a823.02/PAN | ||
| 100 |
_aPanday, Mithilesh K. _911839 |
||
| 245 |
_aAkademi Awarded Novels In English _bMillennium Responses _cMithilesh K. Panday |
||
| 260 |
_aNew Delhi _c2003 _bSarup & Sons, |
||
| 350 | _a450 | ||
| 650 |
_aFiction _911840 |
||
| 942 |
_k823 _cBK _2ddc |
||
| 999 |
_c16378 _d16378 |
||